000 00604 a2200205 4500
999 _c7088
_d7088
003 dpl
005 20190226144652.0
008 190226b ||||| |||| 00| 0 eng d
020 _a8186939172
_c195.00
035 _aB-212438-463,B-212458
037 _bBPPD/EA/2007-08/16/70 dt:-05/10/2007
040 _c0
082 1 4 _aN
100 1 _aAnand, Pavo
245 1 _aNo guns at my son's funeral
_cby Pavo Anand
260 _aNew Delhi
_bRoli Books
_c2006
270 _aM-75, G.K.-II, K Market,
_bNew Delhi
_cDelhi
_e110048
_k29272271
_l29217185
300 _a172 p
_c22 cm (pbk)
942 _adpl
_cEN
_kN / ANA
_2ddc